Normal view
MARC view
- جعفر، عبد الإله نعمة
Entry Personal Name
001 - CONTROL NUMBER
- control field: 32219
003 - CONTROL NUMBER IDENTIFIER
- control field: JO-AjAnu
005 - DATE AND TIME OF LATEST TRANSACTION
- control field: 20230606075421.0
008 - FIXED-LENGTH DATA ELEMENTS
- fixed length control field: 230606|| aca||aabn | a|a d
040 ## - CATALOGING SOURCE
- Original cataloging agency: JO-AjAnu
- Transcribing agency: JO-AjAnu
100 ## - HEADING--PERSONAL NAME
- Personal name: جعفر، عبد الإله نعمة
670 ## - SOURCE DATA FOUND
- Source citation: Work cat.: (JO-AjAnu)16548: جعفر، عبد الإله نعمة, author, محاسبة المنشآت المالية ( البنوك وشركات التأمين)